|
|
|
|
| LEADER |
00000caa a2200000 c 4500 |
| 001 |
722543786 |
| 003 |
DE-627 |
| 005 |
20240410212512.0 |
| 007 |
tu |
| 008 |
120829s1984 xx ||||| 00| ||und c |
| 035 |
|
|
|a (DE-627)722543786
|
| 035 |
|
|
|a (DE-599)GBV722543786
|
| 040 |
|
|
|a DE-627
|b ger
|c DE-627
|e rakwb
|
| 084 |
|
|
|a 0
|2 ssgn
|
| 100 |
1 |
|
|a Alekseenko, E. A.
|4 aut
|
| 245 |
1 |
0 |
|a Some general and specific features in the Shamanism of the peoples of Siberia
|
| 264 |
|
1 |
|c 1984
|
| 336 |
|
|
|a Text
|b txt
|2 rdacontent
|
| 337 |
|
|
|a ohne Hilfsmittel zu benutzen
|b n
|2 rdamedia
|
| 338 |
|
|
|a Band
|b nc
|2 rdacarrier
|
| 601 |
|
|
|a General
|
| 773 |
0 |
8 |
|i In
|t Shamanism in Eurasia ; Part 1
|d Göttingen : edition herodot, 1984
|g (1984), Seite 85-96
|h XXI, 200 S.
|w (DE-627)027935272
|7 nnam
|
| 773 |
1 |
8 |
|g year:1984
|g pages:85-96
|
| 951 |
|
|
|a AR
|
| ELC |
|
|
|b 1
|
| ORI |
|
|
|a SA-MARC-ixtheo_oa001.raw
|
| REL |
|
|
|a 1
|
| SUB |
|
|
|a REL
|